Die größten Städte mit S - Statistiken

Allgemein
  • Dieses Quiz wurde 154 mal gespielt
  • Das Durchschnittsergebnis liegt bei 12 aus 21
Antwortstatistiken
Land Antwort Einwohner % Korrekt
Südkorea Seoul 25.100.000
95%
Brasilien São Paulo 22.100.000
93%
China Shanghai 40.800.000
92%
Australien Sydney 4.975.000
89%
Singapur Singapur 7.850.000
86%
Russland Sankt Petersburg 6.500.000
79%
USA San Francisco 7.450.000
78%
Jemen Sana‘a 3.175.000
65%
Costa Rica San José 2.450.000
65%
USA Seattle 4.475.000
65%
Dominikanische Republik Santo Domingo 3.850.000
64%
USA San Diego 3.200.000
63%
Japan Sapporo 2.500.000
41%
Brasilien Salvador 3.200.000
36%
Indonesien Surabaya 5.900.000
34%
Bolivien Santa Cruz 2.400.000
31%
Indien Surat 7.750.000
28%
China Shenyang 8.700.000
27%
USA Salt Lake City 2.625.000
23%
China Shantou 8.000.000
23%
China Shijiazhuang 6.200.000
12%
Keine übereinstimmenden Quizze gefunden
Verteilung der Resultate
Anzahl Personen mit jedem Resultat
Perzentil nach korrekt beantworteten Fragen
Ihre Resultats-Entwicklung
Sie haben dieses Quiz noch nicht gespielt